La función pública

Enregistré dans:
Détails bibliographiques
Auteur principal: Celis Danzinger, Gabriel (autor)
Format: Livre
Langue:espagnol
Publié: Santiago El Jurista 2017
Édition:1a. ed
Sujets:
Tags: Ajouter un tag
Pas de tags, Soyez le premier à ajouter un tag!

MARC

LEADER 00000cam a2200000 a 4500
001 UCD8094
003 CL-VaPUC
008 170428e20170000cl |||||||||||||||||spa|d
020 |a 9789563670073 
082 0 4 |a 342.02  |b CEL  |2 21 
100 |a Celis Danzinger, Gabriel  |e autor  |9 248 
245 1 3 |a La función pública 
250 |a 1a. ed 
300 |a 618 p 
942 |c BK 
945 |d 20170428 01:26:00  |a dcastane 
260 |a Santiago  |b El Jurista  |c 2017 
500 |a Incluye: bases constitucionales de la función pública. El ingreso a la administración pública. Las calificaciones. Las promociones. Derechos funcionarios. Obligaciones funcionarias. Prohibiciones funcionarias. Conflicto de intereses. Responsabilidad administrativa. Cesación de funciones 
650 0 |a Administración pública   |9 255343 
650 0 |a Derecho administrativo chileno  |9 461009 
650 7 |a ESTATUTO ADMINISTRATIVO  |2 CL-VaPUC  |9 255948 
583 |a last modification  |c 20170428 01:26:00  |k Rodrigo Vera 
999 |c 367844  |d 367842 
952 |0 0  |1 0  |3 erb  |4 0  |6 342_020000000000000_CEL_2017  |7 0  |8 A  |9 482971  |a BIBDER  |b BIBDER  |i 5373794  |l 2  |o 342.02 CEL 2017  |p 5373794  |r 2023-11-24  |s 2023-11-24  |w 2019-11-24  |y BK  |z Catalogado en:20170428  |k DER